New ISC Accountancy-XI (Record no. 11243)

MARC details
000 -LEADER
fixed length control field 00265nam a22000977a 4500
008 - FIXED-LENGTH DATA ELEMENTS--GENERAL INFORMATION
fixed length control field 181113b ||||| |||| 00| 0 eng d
020 ## - INTERNATIONAL STANDARD BOOK NUMBER
International Standard Book Number 9788178558103
100 ## - MAIN ENTRY--PERSONAL NAME
Personal name Goel,D.K.
9 (RLIN) 6992
245 ## - TITLE STATEMENT
Title New ISC Accountancy-XI
260 ## - PUBLICATION, DISTRIBUTION, ETC. (IMPRINT)
Place of publication, distribution, etc. New Delhi
Name of publisher, distributor, etc. Arya Publications
Date of publication, distribution, etc. New Delhi
Holdings
Withdrawn status Lost status Source of classification or shelving scheme Damaged status Koha normalized classification for sorting Not for loan Home library Current library Shelving location Date acquired Total Checkouts Full call number Barcode Date last seen Date last checked out Price effective from Koha item type
    Dewey Decimal Classification   657_000000000000000   Good Samaritan School Library Good Samaritan School Library Accountancy 11/13/2018 1 657 GOE15192 05/08/2019 04/30/2019 11/13/2018 BOOK

Powered by Koha